000 00772cam a22001934a 4500
005 20250605164120.0
008 250528s ||||||||||||||||||||||||d
035 _a18219
020 _a131223836
040 _aGR-AtMCL
_bgre
_dGR-AtMCL
_eAACR2
245 1 _aCentralized and Distributed Operating Systems
260 _bPrentice Hall International,
_c1992
300 _a422
520 _aPreface, Introduction, Process Management, Precedence Among Processes, Synchronization Using Shared Memory, Deadlock, Scheduling, Memory Management, Protection, File Management, Networks, Distributed Storage, Distributed Functionality, Case Studies, Performance Analysis, Bibliography, Index.
700 1 _aNutt Gary J
_94497
942 _cBK
999 _c3595
_d3595